| 000 | 00404pab a2200145 454500 | ||
|---|---|---|---|
| 008 | 180718b1985 xxu||||| |||| 00| 0 eng d | ||
| 100 | _aSharma, Arvind K. | ||
| 245 |
_aCorporate dualism in the public sector _bIts nature and implications |
||
| 260 | _c1985 | ||
| 300 | _a117-35 | ||
| 362 | _aJan.-Mar. | ||
| 650 | _aGovernment Enterprise | ||
| 773 | _aIndian Jr. of Public Administration | ||
| 909 | _a9186 | ||
| 999 |
_c9186 _d9186 |
||